Central Library OPAC University of Rajshahi

Organometallics 2 : (Record no. 69802)

MARC details
000 -LEADER
fixed length control field 00824nam a2200253 a 4500
001 - CONTROL NUMBER
control field 69802
003 - CONTROL NUMBER IDENTIFIER
rucl marc code BD-RjUL
005 - DATE AND TIME OF LATEST TRANSACTION
control field 20211209081927.0
008 - FIXED-LENGTH DATA ELEMENTS--GENERAL INFORMATION
fixed length control field 170413s1993 enka b 001 0 eng d
020 ## - INTERNATIONAL STANDARD BOOK NUMBER
International Standard Book Number 0198558139
035 ## - SYSTEM CONTROL NUMBER
System control number (BD-RjUL)70014
040 ## - CATALOGING SOURCE
Original cataloging agency DLC
Transcribing agency DLC
Modifying agency BD-RjUL
Language of cataloging eng
041 ## - LANGUAGE CODE
Language code of text/sound track or separate title eng
082 00 - DEWEY DECIMAL CLASSIFICATION NUMBER
Classification number 547.056
Edition number 23
Author mark and year BOO 1993
100 1# - MAIN ENTRY--PERSONAL NAME
Personal name Bochmann, Manfred.
9 (RLIN) 206738
245 10 - TITLE STATEMENT
Title Organometallics 2 :
Remainder of title complexes with transition metal-carbon /
Statement of responsibility, etc. Manfred Bochmann.
260 ## - PUBLICATION, DISTRIBUTION, ETC. (IMPRINT)
Place of publication, distribution, etc. Oxford ;
-- New York :
Name of publisher, distributor, etc. Oxford University Press,
Date of publication, distribution, etc. 1993
300 ## - PHYSICAL DESCRIPTION
Pagination 89 :
Illustrations ill. ;
Size 25 cm.
490 ## - SERIES STATEMENT
Series statement Oxford chemistry primers ;
Volume/sequential designation 12
504 ## - BIBLIOGRAPHY, ETC. NOTE
Bibliography, etc Includes bibliographical references and index.
650 #0 - SUBJECT ADDED ENTRY--TOPICAL TERM
Topical term or geographic name as entry element Organotransition metal compounds.
9 (RLIN) 206739
830 ## - SERIES ADDED ENTRY--UNIFORM TITLE
Uniform title Oxford chemistry primers ;
Volume number/sequential designation 12
942 ## - ADDED ENTRY ELEMENTS (KOHA)
Source of classification or shelving scheme Dewey Decimal Classification
Koha item type Books
Holdings
Lost status Source of classification or shelving scheme Damaged status Not for loan Collection code Permanent Location Current Location Shelving location Date acquired Source of acquisition Cost, normal purchase price Total Checkouts Full call number Date last seen Copy number Koha item type
  Dewey Decimal Classification   Not For Loan Non-fiction Central Library, University of Rajshahi Central Library, University of Rajshahi Reading Room 29/12/1999 Dhaka, Paragon Enterprise ltd. 419.57   547.056 BOO 1993 13/04/2017 C-1 Books